LEADER 01282oam 2200361z- 450 001 9910143034203321 005 20241212215505.0 010 $a9781509089383 010 $a1509089381 035 $a(CKB)1000000000331446 035 $a(EXLCZ)991000000000331446 100 $a20220608c2007uuuu -u- - 101 0 $aeng 200 10$a2007 International Workshop on the Analysis of Multi-Temporal Remote Sensing Images $eLeuven, Belgium, 18 - 20 July 2007 /$fIEEE 210 $cIEEE 311 08$a9781424408450 311 08$a1424408458 311 08$a9781424408467 311 08$a1424408466 517 $aFrequency Control Symposium 517 $a2007 International Workshop on the Analysis of Multi-temporal Remote Sensing Images 606 $aRemote sensing$vCongresses 606 $aRemote-sensing images$vCongresses 606 $aImage processing$xDigital techniques$vCongresses 615 0$aRemote sensing 615 0$aRemote-sensing images 615 0$aImage processing$xDigital techniques 676 $a621.36/7 712 02$aInstitute of Electrical and Electronics Engineers. 906 $aPROCEEDING 912 $a9910143034203321 996 $a2007 International Workshop on the Analysis of Multi-Temporal Remote Sensing Images$92870237 997 $aUNINA